000 00235nam a2200085Ia 4500
008 170620s9999 xx 000 0 und d
100 _aN. C. E. R. T.
245 0 _aFifth Survey of Education Research -1988-92 Vol-2
260 _bNew Delhi- N.C.E.R.T.
260 _c2006
999 _c24765
_d24765